00837nas a2200229Ia 4500001001100000003000900011008004100020040001300061040001300074041001300087100004700100210004200147222004200189245010300231250001100334260003300345501008600378300001700464362001600481500005300497650005700550R128/B4573IT-RoPAU151124c99999999xx |||||||||||| ||und|| aIT-RoPAU cIT-RoPAU aITALIANO aFoddis FrancescogCodice Aut. SPICS: 39259 aQUADERNI DI COMUNICAZIONE AUDIOVISIVA aQuaderni Di Comunicazione Audiovisiva aQUADERNI DI COMUNICAZIONE AUDIOVISIVA, N.15 (1988)bTesti Scolastici di Informatica: Quale Futuro? a1a ed. aFERRARAbTE.COM S.R.L.c1988 bPaulus - SPICS - Società San Paolo EM (non-commercial uses only)cCopyright2015 a2 p. [94-95] aN.15 (1988) aInfatuazione degli Editori Verso L'Informatica. aCOMUNICAZIONE - AUDIOVISIVOvPUBBLICAZIONE PERIODICA